[Event "GER-chT U14 Girls"]
[Site "Neumuenster"]
[Date "2017.12.30"]
[Round "7.2"]
[White "Delgado, Celina"]
[Black "Schmitt, Xenia"]
[Result "1-0"]
[WhiteElo "1468"]
[BlackElo "1065"]
[PlyCount "95"]
[EventDate "2017.12.26"]
[EventType "team-swiss"]
[EventRounds "7"]
[EventCountry "GER"]
[SourceTitle "CBM 182 Extra"]
[Source "ChessBase"]
[SourceDate "2018.02.23"]
[SourceVersion "1"]
[SourceVersionDate "2018.02.23"]
[SourceQuality "1"]
[WhiteTeam "Halle USV"]
[BlackTeam "Vaterstetten"]
[WhiteTeamCountry "GER"]
[BlackTeamCountry "GER"]

1. d4 d5 2. Bf4 Nf6 3. Nf3 Bg4 4. Nbd2 e6 5. e3 Bxf3 6. Qxf3 Nc6 7. a3 Bd6 8. Bg3 Bxg3 9. Qxg3 Qd7 10. Qxg7 0-0-0 11. Qxf6 Qe7 12. Qf4 f6 13. Bb5 e5 14. Qf5+ Rd7 15. Bxc6 bxc6 16. 0-0-0 exd4 17. exd4 Re8 18. Nf3 Qe6 19. Qxe6 Rxe6 20. Rhe1 Rxe1 21. Rxe1 Rd8 22. Re7 h5 23. Re6 Rg8 24. g3 Rf8 25. Rxc6 f5 26. Re6 f4 27. gxf4 Rxf4 28. Re3 h4 29. Kd1 Re4 30. Rxe4 dxe4 31. Nxh4 Kd7 32. Ke2 Ke6 33. Ke3 Kd5 34. Ng6 a5 35. h4 Ke6 36. h5 Kf6 37. f4 Kf5 38. Nh4+ Kf6 39. Kxe4 Kg7 40. f5 Kh6 41. f6 Kxh5 42. f7 Kxh4 43. f8Q Kg5 44. Qf5+ Kh6 45. Qg4 Kh7 46. Kf5 Kh8 47. Kf6 c5 48. Qg7# 1-0

[Event "GER-chT U14 Girls"]
[Site "Duesseldorf"]
[Date "2016.12.29"]
[Round "6.4"]
[White "Wolterink, Insa"]
[Black "Delgado, Celina"]
[Result "0-1"]
[WhiteElo "1023"]
[BlackElo "1309"]
[PlyCount "98"]
[EventDate "2016.12.27"]
[EventType "team-swiss"]
[EventRounds "7"]
[EventCountry "GER"]
[SourceTitle "EXT 2018"]
[Source "ChessBase"]
[SourceDate "2017.10.13"]
[SourceVersion "1"]
[SourceVersionDate "2017.10.13"]
[SourceQuality "1"]
[WhiteTeam "Nordhorn Blanke U14 Girls"]
[BlackTeam "Halle USV"]
[WhiteTeamCountry "GER"]
[BlackTeamCountry "GER"]

1. d4 d5 2. Nf3 c6 3. e3 Nf6 4. Bd3 Bg4 5. h3 Bh5 6. g4 Bg6 7. Ne5 Bxd3 8. Qxd3 Nbd7 9. Nxd7 Qxd7 10. b3 e6 11. Bb2 Bb4+ 12. Nd2 Ne4 13. 0-0-0 Bxd2+ 14. Rxd2 Nxd2 15. Qxd2 0-0 16. h4 a5 17. Kb1 a4 18. g5 axb3 19. axb3 Qd8 20. Bc3 Qb6 21. Qc1 Ra7 22. Qb2 Rfa8 23. Kc1 Ra1+ 24. Qxa1 Rxa1+ 25. Bxa1 Qa6 26. Bb2 Qe2 27. Kb1 Qxf2 28. Bc1 Qg2 29. Re1 Qf2 30. Rh1 b6 31. h5 Qf3 32. Rh2 Qg3 33. Rh1 Qxg5 34. e4 Qg2 35. Re1 dxe4 36. Kb2 Qf2 37. Rh1 Qxd4+ 38. Kb1 h6 39. Bb2 Qf2 40. Bc3 e3 41. Re1 e2 42. Kb2 Qf3 43. Bd2 f5 44. Kc1 f4 45. Bb4 Qf2 46. Bc3 Qe3+ 47. Bd2 Qe5 48. Kb1 f3 49. Kc1 Qa1# 0-1

[Event "GER-ch U12 Girls"]
[Site "Willingen"]
[Date "2016.05.20"]
[Round "9"]
[White "Delgado, Celina"]
[Black "Kroemer, Paulina"]
[Result "1-0"]
[WhiteElo "1346"]
[BlackElo "1249"]
[PlyCount "69"]
[EventDate "2016.05.15"]
[EventType "swiss"]
[EventRounds "11"]
[EventCountry "GER"]
[SourceTitle "CBM 172 Extra"]
[Source "ChessBase"]
[SourceDate "2016.06.21"]
[SourceVersion "1"]
[SourceVersionDate "2016.06.21"]
[SourceQuality "1"]

1. e4 c5 2. Nf3 Nc6 3. d4 cxd4 4. Nxd4 Qb6 5. Nb3 Nf6 6. Nc3 e6 7. Be3 Qc7 8. a3 a6 9. Qf3 b5 10. Rd1 b4 11. axb4 Bxb4 12. Bd2 0-0 13. Be2 Bb7 14. 0-0 Ne5 15. Qf4 Bd6 16. Qe3 Rac8 17. f4 Neg4 18. Bxg4 Nxg4 19. Qg3 f5 20. h3 Nh6 21. e5 Bb4 22. Kh1 Bxc3 23. Bxc3 Be4 24. Rd2 Qc4 25. Rfd1 Bxc2 26. Rxc2 Qxb3 27. Rcd2 Nf7 28. Rxd7 Rfd8 29. Rxd8+ Rxd8 30. Rxd8+ Nxd8 31. Qd3 Qb6 32. Qd7 Kf8 33. Bd4 Qb8 34. Bc5+ Kg8 35. Qe8# 1-0

[Event "GER-ch U12 Girls"]
[Site "Willingen"]
[Date "2016.05.20"]
[Round "10"]
[White "Liu, Sijia Anna"]
[Black "Delgado, Celina"]
[Result "1-0"]
[WhiteElo "1357"]
[BlackElo "1346"]
[PlyCount "29"]
[EventDate "2016.05.15"]
[EventType "swiss"]
[EventRounds "11"]
[EventCountry "GER"]
[SourceTitle "CBM 172 Extra"]
[Source "ChessBase"]
[SourceDate "2016.06.21"]
[SourceVersion "1"]
[SourceVersionDate "2016.06.21"]
[SourceQuality "1"]

1. e4 e5 2. Nf3 Nc6 3. Bc4 Bc5 4. c3 Nf6 5. d4 exd4 6. cxd4 Bb4+ 7. Nc3 Nxe4 8. 0-0 Nxc3 9. bxc3 Ba5 10. Re1+ Ne7 11. Ng5 0-0 12. Qh5 h6 13. Nxf7 Rxf7 14. Qxf7+ Kh8 15. Rxe7 1-0

[Event "GER-ch U12 Girls"]
[Site "Willingen"]
[Date "2016.05.18"]
[Round "6"]
[White "Delgado, Celina"]
[Black "Sinnhoefer, Lilian"]
[Result "1/2-1/2"]
[WhiteElo "1346"]
[BlackElo "1411"]
[PlyCount "90"]
[EventDate "2016.05.15"]
[EventType "swiss"]
[EventRounds "11"]
[EventCountry "GER"]
[SourceTitle "CBM 172 Extra"]
[Source "ChessBase"]
[SourceDate "2016.06.21"]
[SourceVersion "1"]
[SourceVersionDate "2016.06.21"]
[SourceQuality "1"]

1. e4 e5 2. Nf3 Nc6 3. d4 exd4 4. Nxd4 Bc5 5. Be3 Qf6 6. c3 Nge7 7. Bc4 0-0 8. 0-0 a6 9. Bb3 Qg6 10. Bc2 Ne5 11. Bf4 d6 12. Kh1 f5 13. exf5 Bxf5 14. Nxf5 Nxf5 15. Bxe5 dxe5 16. Qd5+ Kh8 17. Bxf5 Qxf5 18. Qxc5 Qc2 19. Na3 Qxb2 20. Nc4 Qxc3 21. Rac1 Qd4 22. Qxe5 Qxe5 23. Nxe5 Rac8 24. Nf3 c5 25. Rfd1 Rf6 26. Rd7 b5 27. Kg1 c4 28. Kf1 h6 29. Ke2 Rb6 30. a3 a5 31. Ra7 b4 32. axb4 axb4 33. Ra4 c3 34. Raa1 c2 35. Ra2 b3 36. Rb2 Rd8 37. Ne5 Kg8 38. f4 g5 39. g3 Rbd6 40. Rxb3 Rd2+ 41. Ke3 Rxh2 42. Rc3 gxf4+ 43. Kxf4 Rf2+ 44. Ke4 Rdd2 45. Nc4 Rde2+ 1/2-1/2

[Event "GER-ch U12 Girls"]
[Site "Willingen"]
[Date "2016.05.16"]
[Round "4"]
[White "Kieckbusch, Lotta"]
[Black "Delgado, Celina"]
[Result "0-1"]
[WhiteElo "993"]
[BlackElo "1346"]
[PlyCount "54"]
[EventDate "2016.05.15"]
[EventType "swiss"]
[EventRounds "11"]
[EventCountry "GER"]
[SourceTitle "CBM 172 Extra"]
[Source "ChessBase"]
[SourceDate "2016.06.21"]
[SourceVersion "1"]
[SourceVersionDate "2016.06.21"]
[SourceQuality "1"]

1. e4 e5 2. Nf3 Nc6 3. Bc4 Bc5 4. c3 Nf6 5. d4 exd4 6. cxd4 Bb4+ 7. Nc3 Nxe4 8. 0-0 Nxc3 9. bxc3 Ba5 10. Ba3 d6 11. Re1+ Ne7 12. Qa4+ c6 13. Qc2 0-0 14. Ng5 Bf5 15. Bd3 Bxd3 16. Qxd3 Ng6 17. Qh3 Qxg5 18. Bxd6 Rfe8 19. Red1 Rad8 20. Ba3 Nf4 21. Qf3 Bxc3 22. Bc1 Ne2+ 23. Kf1 Nxc1 24. Raxc1 Bxd4 25. Rb1 Bb6 26. Rd3 Rxd3 27. Qxd3 Qh4 0-1

[Event "GER-ch U12 Girls"]
[Site "Willingen"]
[Date "2016.05.15"]
[Round "2"]
[White "Fuchs, Emily"]
[Black "Delgado, Celina"]
[Result "1/2-1/2"]
[WhiteElo "1027"]
[BlackElo "1346"]
[PlyCount "66"]
[EventDate "2016.05.15"]
[EventType "swiss"]
[EventRounds "11"]
[EventCountry "GER"]
[SourceTitle "CBM 172 Extra"]
[Source "ChessBase"]
[SourceDate "2016.06.21"]
[SourceVersion "1"]
[SourceVersionDate "2016.06.21"]
[SourceQuality "1"]

1. e4 e5 2. Nf3 Nc6 3. d4 exd4 4. Nxd4 Nf6 5. Nc3 d6 6. Bc4 Be7 7. 0-0 0-0 8. Bb5 Ne5 9. f4 Ng6 10. Nf5 c6 11. Bd3 Re8 12. b3 d5 13. e5 Nd7 14. Bb2 Nc5 15. Ne2 Nxd3 16. Qxd3 Bc5+ 17. Kh1 Ne7 18. Neg3 Nxf5 19. Nxf5 Be6 20. Rf3 Qd7 21. Nh4 Bg4 22. Rff1 Be7 23. Qg3 Bxh4 24. Qxh4 Bf5 25. Rac1 Qe6 26. Rf3 Rad8 27. Kg1 c5 28. Qe1 b6 29. b4 Qc6 30. Qc3 Qb5 31. e6 d4 32. exf7+ Kxf7 33. Qb3+ c4 1/2-1/2

[Event "GER-ch U12"]
[Site "Willingen"]
[Date "2015.05.29"]
[Round "10"]
[White "Basovskiy, Jana"]
[Black "Delgado, Celina"]
[Result "1/2-1/2"]
[WhiteElo "1367"]
[BlackElo "1153"]
[PlyCount "63"]
[EventDate "2015.05.24"]
[EventType "swiss"]
[EventRounds "11"]
[EventCountry "GER"]
[SourceTitle "CBM 166 Extra"]
[Source "ChessBase"]
[SourceDate "2015.06.18"]
[SourceVersion "1"]
[SourceVersionDate "2015.06.18"]
[SourceQuality "1"]

1. e4 e5 2. Nf3 Nc6 3. Bc4 Bc5 4. c3 Nf6 5. d3 h6 6. Nbd2 0-0 7. 0-0 d6 8. h3 Re8 9. Re1 Be6 10. Bb3 Bxb3 11. axb3 Qd7 12. Nf1 Rad8 13. Ng3 d5 14. exd5 Nxd5 15. Qc2 Nf6 16. Be3 Bxe3 17. Rxe3 Nd5 18. Ree1 Nf4 19. Rad1 Qc8 20. d4 exd4 21. Rxe8+ Rxe8 22. Nxd4 Nxd4 23. Rxd4 Ng6 24. Qd2 Ne5 25. Kh2 Nc6 26. Rg4 Ne5 27. Rf4 Qd7 28. Rd4 Qc8 29. Rd5 Nc6 30. Qf4 Qe6 31. Rb5 Qc8 32. Nh5 1/2-1/2

[Event "GER-ch U12"]
[Site "Willingen"]
[Date "2015.05.29"]
[Round "9"]
[White "Delgado, Celina"]
[Black "Hoefs, Cederik"]
[Result "1/2-1/2"]
[WhiteElo "1153"]
[BlackElo "1377"]
[PlyCount "115"]
[EventDate "2015.05.24"]
[EventType "swiss"]
[EventRounds "11"]
[EventCountry "GER"]
[SourceTitle "CBM 166 Extra"]
[Source "ChessBase"]
[SourceDate "2015.06.18"]
[SourceVersion "1"]
[SourceVersionDate "2015.06.18"]
[SourceQuality "1"]

1. d4 c6 2. c4 d5 3. Nf3 Nf6 4. e3 Bg4 5. Nbd2 e6 6. Be2 Bd6 7. 0-0 0-0 8. b3 Nbd7 9. Bb2 Re8 10. Qc2 Rc8 11. Rfe1 Bb4 12. Bc3 Bxc3 13. Qxc3 Nb6 14. Ne5 Bxe2 15. Rxe2 Nbd7 16. Ndf3 Ne4 17. Qc2 f6 18. Nxd7 Qxd7 19. Nd2 Ng5 20. Rd1 e5 21. Nf1 e4 22. Ng3 Rf8 23. Qd2 Nf3+ 24. gxf3 exf3 25. Kh1 fxe2 26. Qxe2 dxc4 27. bxc4 Rcd8 28. Rg1 g6 29. Ne4 Qe7 30. Qf3 Qf7 31. Qe2 Rfe8 32. Ng3 f5 33. Qf3 Kh8 34. Rc1 Rd7 35. Qf4 Red8 36. Qe5+ Qg7 37. Qc5 a6 38. Rg1 Qe7 39. Qa5 Qe6 40. Qc3 Kg8 41. Nh5 Qe4+ 42. Rg2 Kf7 43. Nf4 Qb1+ 44. Rg1 Qxa2 45. Nh3 h6 46. Nf4 g5 47. Nd3 Kg8 48. Nc5 Re7 49. Nd3 Kh7 50. Qb4 Rdd7 51. Qc5 Rc7 52. Qxf5+ Kg8 53. Qg6+ Rg7 54. Qe6+ Kh7 55. Qe4+ Kh8 56. Qe8+ Rg8 57. Qe5+ Rcg7 58. Qe6 1/2-1/2

[Event "GER-ch U12"]
[Site "Willingen"]
[Date "2015.05.27"]
[Round "7"]
[White "Delgado, Celina"]
[Black "Pahl, Erik"]
[Result "0-1"]
[WhiteElo "1153"]
[BlackElo "1464"]
[PlyCount "116"]
[EventDate "2015.05.24"]
[EventType "swiss"]
[EventRounds "11"]
[EventCountry "GER"]
[SourceTitle "CBM 166 Extra"]
[Source "ChessBase"]
[SourceDate "2015.06.18"]
[SourceVersion "1"]
[SourceVersionDate "2015.06.18"]
[SourceQuality "1"]

1. d4 d5 2. c4 e5 3. dxe5 d4 4. Nf3 Nc6 5. e3 Bb4+ 6. Bd2 dxe3 7. fxe3 Nge7 8. Be2 Ng6 9. Bxb4 Nxb4 10. Qxd8+ Kxd8 11. Nd4 c5 12. a3 cxd4 13. axb4 dxe3 14. Ra3 Nxe5 15. Rxe3 Re8 16. 0-0 a5 17. bxa5 Rxa5 18. b3 f6 19. Nc3 Be6 20. Rd1+ Ke7 21. b4 Raa8 22. g4 Red8 23. Rxd8 Rxd8 24. Re4 Kf7 25. h3 Rd2 26. c5 Rc2 27. Nb5 Bd5 28. Re3 Bc6 29. Nd6+ Kf8 30. Bb5 Bxb5 31. Nxb5 Rc4 32. Rb3 Nc6 33. Nd6 Rxb4 34. Rxb4 Nxb4 35. Nxb7 Nc6 36. Kf2 Ke7 37. Ke3 Ke6 38. Ke4 g5 39. Nd6 Ne7 40. Nf5 Nxf5 41. gxf5+ Kd7 42. Kd5 h5 43. c6+ Kc7 44. Ke6 g4 45. hxg4 hxg4 46. Kxf6 g3 47. Ke6 g2 48. f6 g1Q 49. f7 Qe3+ 50. Kf6 Qf4+ 51. Ke6 Kxc6 52. Ke7 Qe5+ 53. Kd8 Qf6+ 54. Ke8 Qe6+ 55. Kf8 Kd6 56. Kg8 Qg6+ 57. Kh8 Qh6+ 58. Kg8 Ke7 0-1

[Event "GER-ch U12"]
[Site "Willingen"]
[Date "2015.05.26"]
[Round "5"]
[White "Delgado, Celina"]
[Black "Sulayev, Daniel"]
[Result "0-1"]
[WhiteElo "1153"]
[BlackElo "1622"]
[PlyCount "112"]
[EventDate "2015.05.24"]
[EventType "swiss"]
[EventRounds "11"]
[EventCountry "GER"]
[SourceTitle "CBM 166 Extra"]
[Source "ChessBase"]
[SourceDate "2015.06.18"]
[SourceVersion "1"]
[SourceVersionDate "2015.06.18"]
[SourceQuality "1"]

1. d4 Nf6 2. c4 c5 3. d5 b5 4. e3 b4 5. Nf3 d6 6. Bd3 g6 7. b3 Bg7 8. Bb2 0-0 9. 0-0 a5 10. Nbd2 Nbd7 11. Qc2 Nb6 12. a3 Qc7 13. a4 Ba6 14. Rfe1 e6 15. e4 e5 16. Nf1 Nh5 17. Ne3 Rae8 18. Rad1 Bc8 19. Bc1 Nf4 20. Be2 f5 21. exf5 gxf5 22. Nf1 Nxe2+ 23. Qxe2 f4 24. N1d2 Bg4 25. Ne4 Qe7 26. h3 Bh5 27. Qd3 Bf6 28. Rd2 Kh8 29. Kh1 Rg8 30. Rg1 Ref8 31. g3 fxg3 32. fxg3 Bxf3+ 33. Qxf3 Bg5 34. Qh5 Bxd2 35. Bxd2 Nc8 36. Bg5 Qg7 37. Bh6 Qf7 38. Qxf7 Rxf7 39. Bg5 Rgf8 40. Bh6 Rg8 41. Bg5 Rg6 42. h4 Kg8 43. h5 Rgg7 44. g4 Rf3 45. Bh6 Rh3+ 46. Kg2 Rxg4+ 47. Kf2 Rxg1 48. Kxg1 Rxb3 49. Kf1 Rh3 50. Nf6+ Kf7 51. Ne4 Rxh5 52. Be3 Rh4 53. Nd2 Nb6 54. Bg5 Nxc4 55. Nxc4 Rxc4 56. Bd8 h5 0-1

[Event "GER-chT Lands U20"]
[Site "Hannover"]
[Date "2014.10.07"]
[Round "7.8"]
[White "Delgado, Celina"]
[Black "Hoeglauer, Jenny"]
[Result "0-1"]
[WhiteElo "1168"]
[BlackElo "1026"]
[PlyCount "48"]
[EventDate "2014.10.03"]
[EventType "team-swiss"]
[EventRounds "7"]
[EventCountry "GER"]
[SourceTitle "CBM 162 Extra"]
[Source "ChessBase"]
[SourceDate "2014.10.17"]
[SourceVersion "1"]
[SourceVersionDate "2014.10.17"]
[SourceQuality "1"]
[WhiteTeam "Sachsen Anhalt"]
[BlackTeam "Wuerttemberg"]
[WhiteTeamCountry "GER"]
[BlackTeamCountry "GER"]

1. e4 c5 2. Nf3 a6 3. Nc3 e6 4. d4 cxd4 5. Nxd4 Nc6 6. Bc4 Nxd4 7. Qxd4 b5 8. Bb3 Bb7 9. Bf4 d6 10. Bg3 Nf6 11. Rd1 e5 12. Qd3 Be7 13. 0-0 0-0 14. Nd5 Nxd5 15. Bxd5 Qd7 16. Bxb7 Qxb7 17. Kh1 Rac8 18. Rc1 Rfd8 19. Qd5 Qxd5 20. exd5 Rc5 21. f4 Rxd5 22. fxe5 dxe5 23. Rce1 f6 24. Re4 Rd2 0-1

[Event "GER-chT Lands U20"]
[Site "Hannover"]
[Date "2014.10.04"]
[Round "2.8"]
[White "Delgado, Celina"]
[Black "Buermann, Theresia"]
[Result "1-0"]
[WhiteElo "1168"]
[BlackElo "1253"]
[PlyCount "131"]
[EventDate "2014.10.03"]
[EventType "team-swiss"]
[EventRounds "7"]
[EventCountry "GER"]
[SourceTitle "CBM 162 Extra"]
[Source "ChessBase"]
[SourceDate "2014.10.17"]
[SourceVersion "1"]
[SourceVersionDate "2014.10.17"]
[SourceQuality "1"]
[WhiteTeam "Sachsen Anhalt"]
[BlackTeam "Hessen II"]
[WhiteTeamCountry "GER"]
[BlackTeamCountry "GER"]

1. e4 e5 2. Nf3 Nc6 3. Bc4 Nf6 4. d3 d6 5. c3 h6 6. 0-0 g5 7. Re1 Bg4 8. Nbd2 Bg7 9. Nf1 Ne7 10. Ng3 Qd7 11. h3 Bxf3 12. Qxf3 g4 13. hxg4 Qxg4 14. Qxg4 Nxg4 15. f3 Nf6 16. Be3 Nc6 17. Nf5 Kf8 18. Nxg7 Kxg7 19. d4 a6 20. Rad1 Rad8 21. Bf2 b5 22. Bb3 a5 23. a3 Rhe8 24. Bh4 Rd7 25. Bg3 Red8 26. Rd2 h5 27. Red1 Kg6 28. dxe5 dxe5 29. Rxd7 Rxd7 30. Rxd7 Nxd7 31. Bd5 Ndb8 32. f4 f6 33. fxe5 fxe5 34. Kh2 Kg5 35. Kh3 a4 36. Bh4+ Kg6 37. Kg3 Kg7 38. Bg5 Na5 39. Kh4 Kg6 40. Be6 c5 41. Bf5+ Kg7 42. Kxh5 Nbc6 43. Bh6+ Kf7 44. g4 Ne7 45. g5 Nac6 46. g6+ Ke8 47. Bg5 c4 48. Bxe7 Nxe7 49. Kg5 Ng8 50. Be6 Ne7 51. Kf6 Nc6 52. g7 Ne7 53. g8Q+ Nxg8+ 54. Bxg8 Kd7 55. Kxe5 Ke7 56. Kd5 Kd7 57. e5 Ke8 58. e6 Ke7 59. Ke5 Ke8 60. Kd6 Kd8 61. Bf7 Kc8 62. e7 Kb7 63. e8Q Ka6 64. Kc6 Ka7 65. Qc8 b4 66. Qb7# 1-0

[Event "GER-chT Lands U20"]
[Site "Hannover"]
[Date "2014.10.04"]
[Round "3.8"]
[White "Michna, Masza"]
[Black "Delgado, Celina"]
[Result "0-1"]
[WhiteElo "1347"]
[BlackElo "1168"]
[PlyCount "90"]
[EventDate "2014.10.03"]
[EventType "team-swiss"]
[EventRounds "7"]
[EventCountry "GER"]
[SourceTitle "CBM 162 Extra"]
[Source "ChessBase"]
[SourceDate "2014.10.17"]
[SourceVersion "1"]
[SourceVersionDate "2014.10.17"]
[SourceQuality "1"]
[WhiteTeam "Hamburg"]
[BlackTeam "Sachsen Anhalt"]
[WhiteTeamCountry "GER"]
[BlackTeamCountry "GER"]

1. d4 d5 2. e3 Nf6 3. f4 Bf5 4. Nf3 Nc6 5. c3 e6 6. Be2 Bd6 7. 0-0 0-0 8. h3 Re8 9. Nbd2 Qd7 10. Ne5 Qe7 11. Ndf3 Ne4 12. Nxc6 bxc6 13. Ne5 Bxe5 14. fxe5 Qg5 15. g4 Bg6 16. Qe1 h5 17. h4 Qe7 18. gxh5 Bf5 19. Bd3 Bg4 20. Be2 Bxe2 21. Qxe2 Ng3 22. Qg4 Nxf1 23. Kxf1 f6 24. h6 fxe5 25. e4 Qf7+ 26. Ke2 Rf8 27. hxg7 Qxg7 28. Qxe6+ Kh7 29. Bg5 Rae8 30. Qg4 exd4 31. Qh5+ Kg8 32. Rg1 Rxe4+ 33. Kd3 Rf5 34. Bf6 Rxh5 35. Rxg7+ Kf8 36. cxd4 Rh6 37. Rxc7 Rxf6 38. Rxa7 Rxh4 39. Ra8+ Ke7 40. a4 Rd6 41. a5 Rd8 42. Ra7+ Rd7 43. Ra6 Kd6 44. Rb6 Ra7 45. a6 Kc7 0-1

[Event "GER-ch U10"]
[Site "Magdeburg"]
[Date "2014.06.11"]
[Round "7"]
[White "Delgado, Celina"]
[Black "Basovskiy, Jana"]
[Result "1-0"]
[WhiteElo "1023"]
[BlackElo "1157"]
[PlyCount "59"]
[EventDate "2014.06.08"]
[EventType "swiss"]
[EventRounds "11"]
[EventCountry "GER"]
[SourceTitle "CBM 160 Extra"]
[Source "ChessBase"]
[SourceDate "2014.07.01"]
[SourceVersion "1"]
[SourceVersionDate "2014.07.01"]
[SourceQuality "1"]

1. e4 e5 2. Nf3 d6 3. d4 Nd7 4. dxe5 dxe5 5. Bc4 c6 6. 0-0 Be7 7. Nc3 Ngf6 8. Bg5 0-0 9. a3 a5 10. Qd2 Qc7 11. Rfe1 Re8 12. Rad1 Nf8 13. Bxf6 Bxf6 14. h3 Ng6 15. Ne2 b5 16. Ba2 Bb7 17. Ng3 Nf4 18. Qd7 Qxd7 19. Rxd7 Ba6 20. Bxf7+ Kf8 21. Bxe8 Kxe8 22. Red1 Ne6 23. R7d6 Nd8 24. h4 Bb7 25. Ng5 Bxg5 26. hxg5 c5 27. Rd7 g6 28. Rxh7 Kf8 29. Rdd7 Bc6 30. Rh8# 1-0

[Event "GER-ch U10"]
[Site "Magdeburg"]
[Date "2014.06.09"]
[Round "4"]
[White "Delgado, Celina"]
[Black "Khamenya, Vitalia"]
[Result "0-1"]
[WhiteElo "1023"]
[BlackElo "1230"]
[PlyCount "62"]
[EventDate "2014.06.08"]
[EventType "swiss"]
[EventRounds "11"]
[EventCountry "GER"]
[SourceTitle "CBM 160 Extra"]
[Source "ChessBase"]
[SourceDate "2014.07.01"]
[SourceVersion "1"]
[SourceVersionDate "2014.07.01"]
[SourceQuality "1"]

1. e4 e5 2. Nf3 Nc6 3. Bc4 Bc5 4. 0-0 Nf6 5. d3 d6 6. h3 Be6 7. Bb5 0-0 8. c3 Bd7 9. Nbd2 Re8 10. Re1 Nh5 11. Nf1 f5 12. Bg5 Nf6 13. Bxc6 bxc6 14. exf5 Bxf5 15. d4 exd4 16. Nxd4 Rxe1 17. Qxe1 Bxd4 18. cxd4 Qf8 19. Ng3 Bd7 20. Ne4 Re8 21. Nxf6+ gxf6 22. Be3 Qg7 23. h4 Re4 24. g3 Rxh4 25. Kg2 c5 26. d5 Qg4 27. f3 Qh3+ 28. Kf2 Qh2+ 29. Kf1 Bb5+ 30. Qe2 Qxe2+ 31. Kg1 Qh2# 0-1

[Event "GER-ch U10"]
[Site "Magdeburg"]
[Date "2014.06.09"]
[Round "3"]
[White "Unbehend, Marius"]
[Black "Delgado, Celina"]
[Result "0-1"]
[WhiteElo "796"]
[BlackElo "1023"]
[PlyCount "28"]
[EventDate "2014.06.08"]
[EventType "swiss"]
[EventRounds "11"]
[EventCountry "GER"]
[SourceTitle "CBM 160 Extra"]
[Source "ChessBase"]
[SourceDate "2014.07.01"]
[SourceVersion "1"]
[SourceVersionDate "2014.07.01"]
[SourceQuality "1"]

1. e4 e5 2. Nf3 Nc6 3. Bb5 a6 4. Bxc6 bxc6 5. Nxe5 Qg5 6. 0-0 Qxe5 7. d3 Bd6 8. g3 c5 9. f3 h5 10. Nc3 h4 11. Bf4 Qd4+ 12. Kh1 hxg3 13. Bxg3 Bxg3 14. Ne2 Rxh2# 0-1